Les jeux vidéo les plus vendus de l'histoire - Statistiques

Statistiques générales
  • Ce quiz a été pris 195 fois
  • Le résultat moyen est 3 sur 10
Statistiques - réponses
Hint Extra Hint Réponse % Correct
2013 190 Millions Gta 5
64%
2011 300 Millions Minecraft
54%
2006 82,90 Millions Wii sports
39%
2018 57 Millions Red Dead
35%
2015 50 Millions The Witcher 3
31%
1996 47,19 Millions Pokemon
22%
2017 75 Millions PUBG
21%
2014 69,04 Millions Mario Kart
15%
2016 50 Millions Human: Fall Flat
14%
2006 100 Millions Tetris
8%
Aucun quiz correspondant
Distribution des résultats
% des personnes avec chaque résultat
Percentile par nombre de réponses
Votre historique - résultats
Vous n’avez pas pris ce quiz